000
00335nam a2200133Ia 4500
008
240116s9999 xx 000 0 und d
082
_a
346.04365491
_b
PAK-T
100
_a
Pakistan law house
245
4
_a
The Trasfer of Property Act
260
_a
Pakistan
_b
Pakistan law house
_c
2021
300
_a
684
650
_a
Law
999
_c
35002
_d
35002